Capitales du monde du nord au sud - Statistiques

Statistiques générales
  • Ce quiz a été pris 37 fois
    35 depuis la dernière actualisation
  • Le résultat moyen est 59 sur 196
Réponses sur la Carte
Les réponses sont colorées sur une échelle allant du rouge au vert en fonction du pourcentage des utilisateurs qui les ont devinées à leur premier essai. Vous pouvez retrouver ces pourcentages ci-dessous.
 
Statistiques - réponses
Capitale Latitude % Correct
Reykjavik 64.13
100%
Helsinki 60.17
90%
Oslo 59.95
90%
Tallinn 59.43
90%
Copenhague 55.67
83%
Moscou 55.75
83%
Riga 56.93
83%
Stockholm 59.32
83%
Vilnius 54.68
80%
Amsterdam 52.37
77%
Berlin 52.52
77%
Dublin 53.33
77%
Minsk 53.90
77%
Varsovie 52.23
77%
Astana 51.17
73%
Kiev 50.45
73%
Londres 51.50
73%
Prague 50.08
73%
Bratislava 48.13
70%
Bruxelles 50.85
70%
Luxembourg 49.60
70%
Paris 48.85
70%
Vienne 48.20
70%
Oulan-Bator 47.92
67%
Budapest 47.47
63%
Chişinău 47.00
63%
Vaduz 47.13
63%
Belgrade 44.82
57%
Berne 46.95
57%
Bucarest 44.42
57%
Ljubljana 46.05
57%
Ottawa 45.42
57%
Zagreb 45.82
57%
Monaco 43.72
53%
Sarajevo 43.87
53%
Saint-Marin 43.93
50%
Andorre-la-Vieille 42.50
43%
Bichkek 42.87
43%
Rome 41.90
43%
Alger 36.77
40%
Ankara 39.87
40%
Athènes 37.97
40%
Bagdad 33.33
40%
Bakou 40.38
40%
Damas 33.50
40%
Erevan 40.18
40%
La Valette 35.88
40%
Lisbonne 38.70
40%
Madrid 40.38
40%
Podgorica 42.43
40%
Pristina 42.67
40%
Pyongyang 39.02
40%
Séoul 37.55
40%
Skopje 42.00
40%
Sofia 42.70
40%
Tachkent 41.27
40%
Tbilissi 41.72
40%
Téhéran 35.68
40%
Tirana 41.32
40%
Tokyo 35.68
40%
Tunis 36.80
40%
Washington 38.88
40%
Achgabat 37.93
37%
Amman 31.93
37%
Beyrouth 33.88
37%
Douchanbé 38.53
37%
Islamabad 33.72
37%
Kaboul 34.53
37%
Nicosie 35.17
37%
Pekin 39.90
37%
Rabat 34.03
37%
Vatican 41.90
37%
Katmandou 27.70
33%
Koweït 29.37
33%
Le Caire 30.05
33%
New Delhi 28.60
33%
Thimphou 27.47
33%
Tripoli 32.90
33%
Dacca 23.73
30%
Jérusalem 31.78
30%
Manama 26.22
30%
Mascate 23.60
30%
Nassau 25.07
30%
Taipei 25.03
30%
Abu Dhabi 24.47
27%
Doha 25.28
27%
La Havane 23.13
27%
Riyad 24.63
27%
Wellington -41.28
27%
Canberra -35.30
23%
Mexico 19.43
23%
Port-au-Prince 18.53
23%
Buenos Aires -34.60
20%
Montevideo -34.88
20%
Naypyidaw 19.75
20%
Nouakchott 18.10
20%
Quito -0.25
20%
Saint-Domingue 18.47
20%
Saint-John's 17.12
20%
Santiago -33.45
20%
Asmara 15.33
17%
Bangkok 13.75
17%
Basseterre 17.30
17%
Belmopan 17.25
17%
Dakar 14.68
17%
Guatemala 14.60
17%
Hanoï 21.03
17%
Khartoum 15.63
17%
Kingston 17.98
17%
Roseau 15.30
17%
Sanaa 15.33
17%
Vientiane 17.97
17%
Abuja 9.07
13%
Addis-Abeba 9.02
13%
Antananarivo -18.93
13%
Bamako 12.65
13%
Banjul 13.45
13%
Bissau 11.85
13%
Bogota 4.58
13%
Brasilia -15.78
13%
Bridgetown 13.10
13%
Caracas 10.50
13%
Castries 14.02
13%
Conakry 9.52
13%
Djibouti 11.58
13%
Freetown 8.48
13%
Jakarta -6.20
13%
Kuala Lumpur 3.13
13%
Lima -12.03
13%
Majuro 7.07
13%
Managua 12.13
13%
Manille 14.58
13%
Maseru -29.30
13%
Mbabane -26.32
13%
N'Djaména 12.10
13%
Ngerulmud 7.48
13%
Niamey 13.52
13%
Ouagadougou 12.35
13%
Palikir 6.92
13%
Panama 8.98
13%
Phnom Penh 11.55
13%
Port-d'Espagne 10.67
13%
Praia 14.92
13%
Pretoria -25.73
13%
Saint-Georges 12.05
13%
San José 9.93
13%
San Salvador 13.68
13%
Singapour 1.28
13%
Sri Jayawardenapura Kotte 6.90
13%
Tegucigalpa 14.10
13%
Accra 5.55
10%
Asuncion -25.27
10%
Bandar Seri Begawan 4.88
10%
Bangui 4.37
10%
Brazzaville -4.27
10%
Dili -8.57
10%
Djouba 4.85
10%
Funafuti -8.52
10%
Georgetown 6.80
10%
Gitega -3.40
10%
Harare -17.85
10%
Honiara -9.43
10%
Kampala 0.3
10%
Kigali -1.93
10%
Kingstown 13.15
10%
Kinshasa -4.32
10%
Libreville 0.38
10%
Lilongwe -13.98
10%
Lomé 6.12
10%
Lusaka -15.42
10%
Malabo 3.75
10%
Malé 4.17
10%
Maputo -25.97
10%
Mogadiscio 2.03
10%
Monrovia 6.30
10%
Moroni -11.68
10%
Nairobi -1.28
10%
Nuku'alofa -21.13
10%
Paramaribo 5.87
10%
Port-Louis -20.15
10%
Port Moresby -9.50
10%
Porto-Novo/Cotonou 6.48
10%
Port-Vila -17.75
10%
São Tomé 0.33
10%
Suva -18.13
10%
Tarawa 1.43
10%
Victoria -4.62
10%
Windhoek -22.57
10%
Yamoussoukro 6.82
10%
Yaoundé 3.87
10%
Yaren -0.53
10%
Apia -13.83
7%
Dodoma -6.17
7%
Gaborone -24.65
7%
La Paz/Sucre -16.50
7%
Luanda -8.83
7%
Aucun quiz correspondant
Distribution des résultats
% des personnes avec chaque résultat
Percentile par nombre de réponses
Votre historique - résultats
Vous n’avez pas pris ce quiz depuis la dernière actualisation